| 000 | 00768nam a22002057a 4500 | ||
|---|---|---|---|
| 005 | 20250324101238.0 | ||
| 008 | 250324b |||||||| |||| 00| 0 eng d | ||
| 020 | _a9781032509266 | ||
| 040 | _cAIMIT LIBRARY | ||
| 082 |
_21 _a004.69 _bRAJP |
||
| 100 |
_aRaj, Pethuru. _9206749 |
||
| 245 |
_aInternet of things : _benabling technologies platforms and use cases / _cBy Pethuru Raj and Anupama C Raman. |
||
| 250 | _a1st ed. | ||
| 260 |
_aNew York : _bCRC Press ; _c2025. |
||
| 300 |
_axxvii,364p. ; _bPB _c24 cm. |
||
| 650 |
_aRealization of IoT ecosystem using wireless technologies _9206750 |
||
| 650 |
_aInfrastructure and service discovery protocols for the IoT ecosystem _9206751 |
||
| 700 |
_aRaman, Anupama C. _9206752 |
||
| 942 |
_2ddc _cBK _e1st ed. _k004.69 RAJP |
||
| 999 |
_c233981 _d233981 |
||